National Conversation phase one findings (Record no. 109714)
[ view plain ]
| 000 -LEADER | |
|---|---|
| fixed length control field | 01724cad a22002415a 4500 |
| 001 - CONTROL NUMBER | |
| control field | L147758 |
| 008 - FIXED-LENGTH DATA ELEMENTS--GENERAL INFORMATION | |
| fixed length control field | 090615s2009 xxkado f 000 0 eng d |
| 035 ## - SYSTEM CONTROL NUMBER | |
| System control number | (Sirsi) u147758 |
| 041 0# - LANGUAGE CODE | |
| Language code of text/sound track or separate title | eng |
| 050 04 - LIBRARY OF CONGRESS CALL NUMBER | |
| Classification number | 333.33 $2 18 |
| 110 2# - MAIN ENTRY--CORPORATE NAME | |
| Corporate name or jurisdiction name as entry element | Tenant Services Authority |
| 9 (RLIN) | 5662 |
| 245 00 - TITLE STATEMENT | |
| Title | National Conversation phase one findings |
| Medium | [electronic resource] |
| 260 ## - PUBLICATION, DISTRIBUTION, ETC. | |
| Place of publication, distribution, etc. | London |
| Name of publisher, distributor, etc. | TSA |
| Date of publication, distribution, etc. | 2009 |
| 505 2# - FORMATTED CONTENTS NOTE | |
| Formatted contents note | Introduction -- Summary of findings -- Commentary from the TSA -- Main findings from the National Conversation with tenants -- Shared owners -- Prospective tenants -- Qualitative feedback and observer's feedback -- Main findings from the National Conversation with landlords |
| 520 ## - SUMMARY, ETC. | |
| Summary, etc. | Reports the results of first phase of the Tenants Services Authority's National Conversation, a programme engagement between landlords and tenants. Phase one consists of a consultation held on the first quarter 2009 with the aim of collecting information from existing and prospective tenants and providers in England. Presents findings of landlords and tenants as well as conclusions for regeneration of social housing landlords. Accompanied by an executive summary and the document entitled "Building a new regulatory framework" (see L147759) and its executive summary as well as the "National Conversation Leaflet June 2009 " (see L147762), all available to download from the website. |
| 521 ## - TARGET AUDIENCE NOTE | |
| Target audience note | Advanced |
| 590 ## - LOCAL NOTE (RLIN) | |
| Local note | KA NTK |
| 650 24 - SUBJECT ADDED ENTRY--TOPICAL TERM | |
| Topical term or geographic name entry element | HOUSING AND REGENERATION ACT 2008 |
| 651 #4 - SUBJECT ADDED ENTRY--GEOGRAPHIC NAME | |
| Geographic name | England and Wales |
| Chronological subdivision | 1543- |
| 690 ## - LOCAL SUBJECT ADDED ENTRY--TOPICAL TERM (OCLC, RLIN) | |
| Topical term or geographic name as entry element | PROPERTY-RESIDENTIAL PROPERTY |
| 856 40 - ELECTRONIC LOCATION AND ACCESS | |
| Uniform Resource Identifier | <a href="https://www.tenantservicesauthority.org/server/show/ConWebDoc.18499">https://www.tenantservicesauthority.org/server/show/ConWebDoc.18499</a> |
| Public note | View the item free of charge at www.tenantservicesauthority.org... |
| 942 ## - ADDED ENTRY ELEMENTS (KOHA) | |
| Suppress in OPAC | 0 |
| Withdrawn status | Lost status | Source of classification or shelving scheme | Damaged status | Not for loan | Home library | Current library | Shelving location | Date acquired | Total Checkouts | Full call number | Barcode | Date last seen | Copy number | Price effective from | Koha item type |
|---|---|---|---|---|---|---|---|---|---|---|---|---|---|---|---|
| Dewey Decimal Classification | Virtual | Virtual | Online | 15/06/2009 | ONLINE PUBLICATION | 147758-2001 | 06/08/2019 | 1 | 06/08/2019 | Book |